Statistics for scary movie quiz

Click here to take the quiz!

General Stats

  • This quiz has been taken 563 times
  • The average score is 3 of 6

Answer Stats

HintAnswer% Correct
just a phone call awayscream
69%
this cabin is not what it seemscabin in the woods
58%
im coming to playchucky
54%
come here little boyit
38%
the calls not coming from outside it's coming from inside the housewhen a stranger calls
34%
little girl why are you runningsilent hill
3%

Score Distribution

Percentile by Number Answered

Percent of People with Each Score

Your Score History

You have not taken this quiz